<?xml version="1.0" encoding="UTF-8"?><?xml-stylesheet type="text/xsl" href="static/style.xsl"?><OAI-PMH xmlns="http://www.openarchives.org/OAI/2.0/" xmlns:xsi="http://www.w3.org/2001/XMLSchema-instance" xsi:schemaLocation="http://www.openarchives.org/OAI/2.0/ http://www.openarchives.org/OAI/2.0/OAI-PMH.xsd"><responseDate>2026-04-13T14:25:35Z</responseDate><request verb="GetRecord" identifier="oai:www.recercat.cat:10459.1/467742" metadataPrefix="marc">https://recercat.cat/oai/request</request><GetRecord><record><header><identifier>oai:recercat.cat:10459.1/467742</identifier><datestamp>2025-09-15T19:00:20Z</datestamp><setSpec>com_2072_3622</setSpec><setSpec>col_2072_479130</setSpec></header><metadata><record xmlns="http://www.loc.gov/MARC21/slim" xmlns:dcterms="http://purl.org/dc/terms/" xmlns:xsi="http://www.w3.org/2001/XMLSchema-instance" xmlns:doc="http://www.lyncode.com/xoai" xsi:schemaLocation="http://www.loc.gov/MARC21/slim http://www.loc.gov/standards/marcxml/schema/MARC21slim.xsd">
   <leader>00925njm 22002777a 4500</leader>
   <datafield ind2=" " ind1=" " tag="042">
      <subfield code="a">dc</subfield>
   </datafield>
   <datafield ind2=" " ind1=" " tag="720">
      <subfield code="a">Alturo, Núria</subfield>
      <subfield code="e">author</subfield>
   </datafield>
   <datafield ind2=" " ind1=" " tag="720">
      <subfield code="a">Macià, Xavier</subfield>
      <subfield code="e">author</subfield>
   </datafield>
   <datafield ind2=" " ind1=" " tag="260">
      <subfield code="c">2023</subfield>
   </datafield>
   <datafield ind2=" " ind1=" " tag="520">
      <subfield code="a">En aquest article presentem la figura del poeta ribagorçà Mn. Anton Navarro (1867-1936) i descrivim les estratègies poètiques que atorguen un caràcter popular a l’obra La balada de l’hivern (1905), entre les quals hi ha la inclusió de versos del cançoner popular. En relació amb això, resolem el problema de l’autoria del «Prefaci» de La balada (la cançó «Pastoret, d’on vens?»), que el músic Josep Ferrer atribueix a Navarro el 1907. El pastor que baixa de la muntanya quan arriba el fred inicia una de les dues etapes del cicle anual de la transhumància; un tema que té en aquesta obra un valor simbòlic, i que aporta un exemple singular del paper de la natura i de la vida pirinenca en la poesia d’Anton Navarro.</subfield>
   </datafield>
   <datafield ind2=" " ind1=" " tag="520">
      <subfield code="a">This article looks at the work of Father Anton Navarro (1867-1936), a poet from the Ribagorça, in the Catalan Pyrenees. It pays close attention to the poetic resources that lend a folk-song flavour to his second book, La balada de l’hivern (1905). One such resource is the incorporation of traditional songs. In this regard, we solve the question of the authorship of the book’s «Prefaci» (the song «Pastoret, d’on vens?»), which the musician Josep Ferrer attributed to Navarro in 1907. The shepherd who comes down from the mountain when the cold arrives is beginning one of the two stages in the yearly transhumance cycle, a theme that has symbolic value in La balada de l’hivern and provides a unique example of the role of nature and Pyrænean life in Anton Navarro’s poetry.</subfield>
   </datafield>
   <datafield tag="653" ind2=" " ind1=" ">
      <subfield code="a">Anton Navarro</subfield>
   </datafield>
   <datafield tag="653" ind2=" " ind1=" ">
      <subfield code="a">Poesia catalana</subfield>
   </datafield>
   <datafield tag="653" ind2=" " ind1=" ">
      <subfield code="a">Cançoner popular</subfield>
   </datafield>
   <datafield tag="653" ind2=" " ind1=" ">
      <subfield code="a">Natura</subfield>
   </datafield>
   <datafield tag="653" ind2=" " ind1=" ">
      <subfield code="a">Transhumància</subfield>
   </datafield>
   <datafield tag="653" ind2=" " ind1=" ">
      <subfield code="a">Música popular</subfield>
   </datafield>
   <datafield tag="653" ind2=" " ind1=" ">
      <subfield code="a">Literatura catalana</subfield>
   </datafield>
   <datafield tag="653" ind2=" " ind1=" ">
      <subfield code="a">Jacint Verdaguer</subfield>
   </datafield>
   <datafield tag="653" ind2=" " ind1=" ">
      <subfield code="a">Joan Maragall</subfield>
   </datafield>
   <datafield tag="653" ind2=" " ind1=" ">
      <subfield code="a">Catalan poetry</subfield>
   </datafield>
   <datafield tag="653" ind2=" " ind1=" ">
      <subfield code="a">Popular song</subfield>
   </datafield>
   <datafield tag="653" ind2=" " ind1=" ">
      <subfield code="a">Nature</subfield>
   </datafield>
   <datafield tag="653" ind2=" " ind1=" ">
      <subfield code="a">Transumance</subfield>
   </datafield>
   <datafield tag="653" ind2=" " ind1=" ">
      <subfield code="a">Folk music</subfield>
   </datafield>
   <datafield tag="653" ind2=" " ind1=" ">
      <subfield code="a">Catalan literature</subfield>
   </datafield>
   <datafield ind2="0" ind1="0" tag="245">
      <subfield code="a">La balada de l’hivern d’Anton Navarro: literatura i cançó popular</subfield>
   </datafield>
   <datafield ind2="0" ind1="0" tag="245">
      <subfield code="a">Anton Navarro’s La balada de l’hivern: literature and popular song</subfield>
   </datafield>
</record></metadata></record></GetRecord></OAI-PMH>